| 000 | 00948cab a2200241 4500 | ||
|---|---|---|---|
| 001 | X82024 | ||
| 008 | 090401t1997 xxu||||| |||| 00| 0 eng d | ||
| 035 | _a(Sirsi) u82024 | ||
| 041 | _aeng | ||
| 245 | _aGreen belt | ||
| 260 | _c1997 | ||
| 350 | _a0 | ||
| 490 |
_aEstates Gazette Case Summaries _v[1997] EGCS 148 (8/11/1997) |
||
| 520 | _a"Sevenoaks DC V SoS Environment and another" QBD 29 October 1997. Owner lawfully replaced dwelling with larger chalet bungalow in an area of outstanding natural beauty. Inspector reversed council`s subsequent refusal to allow an extension to rear of bungalow. Council appealed. Appeal allowed. | ||
| 650 | _aAREA OF OUTSTANDING NATURAL BEAUTY | ||
| 650 | _aBUNGALOW | ||
| 650 | _aREPLACEMENT DWELLING | ||
| 650 | _aRETROSPECTIVE PLANNING PERMISSION | ||
| 650 | _aSEVENOAKS DC V SOS ENVIRONMENT AND ANOTHER | ||
| 690 | _aPLANNING LAW AND PRACTICE-CASE LAW | ||
| 942 | _n0 | ||
| 948 | _c12/11/1997 | ||
| 999 |
_c51723 _d51723 |
||